| 000 | 00676nam a2200205 a 4500 | ||
|---|---|---|---|
| 001 | 000024391 | ||
| 005 | 20200930022950.0 | ||
| 008 | 110126s1986 pr r 000 p spa d | ||
| 020 | _a8459969460 | ||
| 040 |
_aDO-SdBNP _bspa _cBNPHU |
||
| 082 |
_aPR868.2 _bT172p |
||
| 100 | 1 |
_aTapia y Rivera, Alejandro, _d1826-1882. _94513 |
|
| 245 | 1 | 0 |
_aLa palma del cacique : _bleyenda histórica de Puerto Rico ; Poesías / _cAlejandro Tapia y Rivera. |
| 260 |
_aPuerto Rico : _bCultural Puertorriqueña, _c1986. |
||
| 300 |
_a61 p. ; _c22 cm. |
||
| 500 | _aPoesías. | ||
| 650 | 4 |
_aCuentos puertorriqueños _9249 |
|
| 650 | 4 |
_aPoesía puertorriqueña _ySIGLO XIX _941098 |
|
| 049 | _aBNGR | ||
| 999 |
_c23884 _d23884 |
||